Longest Ruling Monarchs in History - Statistics

General Stats
  • This quiz has been taken 87 times
  • The average score is 8 of 18
Answer Stats
Reign Country Monarch % Correct
1952 ~ 2022 United Kingdom Elizabeth II
99%
1643 ~ 1715 France Louis XIV
96%
1710 ~ 1774 France Louis XV
96%
1837 ~ 1901 United Kingdom Victoria
91%
1760 ~ 1820 United Kingdom George III
79%
1926 ~ 1989 Japan Hirohito
70%
1848 ~ 1916 Austria-Hungary Franz Joseph I
61%
1831 ~ 1889 Brazil Pedro II
50%
1946 ~ 2016 Thailand Bhumibol Adulyadej
32%
1890 ~ 1948 Netherlands Wilhelmina I
30%
1588 ~ 1648 Denmark-Norway Christian IV
18%
615 ~ 683 Maya Pacal the Great
17%
1735 ~ 1796 China (Qing) Qianlong Emperor
16%
1213 ~ 1276 Aragon James I the Conqueror
14%
1661 ~ 1722 China (Qing) Kangxi Emperor
13%
1866 ~ 1929 Liechtenstein Johann II the Good
12%
1523 ~ 1581 Monaco Honoré I
11%
1733 ~ 1793 Monaco Honoré III
11%
No matching quizzes found
Score Distribution
Percent of People with Each Score
Percentile by Number Answered
Your Score History
You have not taken this quiz